000 00743nam0a22002291 4500
001 RU\NLR\BIBL_A\022323084
005 20260628194809.0
035 _a(NLR Aleph) 022323084
090 _a13741037
_c13741037
100 _a20240916d1960 y0rusy50 ca
101 0 _arus
102 _aRU
105 _ay z|||000yy
200 1 _aО Частном Землевладении в Эламе II Тысячелетия до н.э.
_fЮ.Б. Юсифов
210 _aМ.
_cИздательство Восточной Литературы
_d1960
215 _a10 с.
700 1 _aЮсифов
_bЮ. Б.
_4070
852 _aNLR
_bОЛСАА-сл-спр
_j2-819
942 _cBOOK
980 1 _aSL_SPR
980 _aNB